CPA Advanced Level Revision partner: (Record no. 59172)
[ view plain ]
| 000 -LEADER | |
|---|---|
| fixed length control field | 00464 a2200157 4500 |
| 008 - FIXED-LENGTH DATA ELEMENTS--GENERAL INFORMATION | |
| fixed length control field | 240418b ||||| |||| 00| 0 eng d |
| 020 ## - INTERNATIONAL STANDARD BOOK NUMBER | |
| International Standard Book Number | 9789966064202 |
| 050 ## - LIBRARY OF CONGRESS CALL NUMBER | |
| Classification number | HJ3043 |
| Item number | .S24 2023 |
| 100 ## - MAIN ENTRY--PERSONAL NAME | |
| Personal name | Sagwa, Ndeda Philip |
| 245 ## - TITLE STATEMENT | |
| Title | CPA Advanced Level Revision partner: |
| Statement of responsibility, etc | Philip Sagwa Ndeda |
| Remainder of title | Advanced Taxation/ |
| 250 ## - EDITION STATEMENT | |
| Edition statement | 12th |
| 260 ## - PUBLICATION, DISTRIBUTION, ETC. (IMPRINT) | |
| Name of publisher, distributor, etc | Manifested Publishers |
| Date of publication, distribution, etc | 2023 |
| Place of publication, distribution, etc | Nairobi |
| 300 ## - PHYSICAL DESCRIPTION | |
| Extent | x, 260 p.; |
| Dimensions | 30 cm. |
| 650 ## - SUBJECT ADDED ENTRY--TOPICAL TERM | |
| Topical term or geographic name as entry element | Taxation |
| 942 ## - ADDED ENTRY ELEMENTS (KOHA) | |
| Item type | Book |
| Source of classification or shelving scheme | Library of Congress Classification |
| Withdrawn status | Lost status | Source of classification or shelving scheme | Damaged status | Not for loan | Collection code | Home library | Current library | Shelving location | Date acquired | Source of acquisition | Full call number | Barcode | Date last seen | Copy number | Price effective from | Koha item type | Total Checkouts | Date last borrowed |
|---|---|---|---|---|---|---|---|---|---|---|---|---|---|---|---|---|---|---|
| Library of Congress Classification | Non-fiction | Bishop Okullu Memorial Library (Limuru Campus) | Bishop Okullu Memorial Library (Limuru Campus) | General Circulation | 18/04/2024 | purchase | HJ3043 .S24 2023 | 071520 | 18/04/2024 | 1 | 18/04/2024 | Book | ||||||
| Library of Congress Classification | Non-fiction | Bishop Okullu Memorial Library (Limuru Campus) | Bishop Okullu Memorial Library (Limuru Campus) | General Circulation | 18/04/2024 | purchase | HJ3043 .S24 2023 | 071523 | 11/11/2025 | 4 | 18/04/2024 | Book | 1 | 30/10/2025 | ||||
| Library of Congress Classification | Non-fiction | Nairobi Campus | Nairobi Campus | General Circulation | 18/04/2024 | purchase | HJ3043 .S24 2023 | 071522 | 18/04/2024 | 3 | 18/04/2024 | Book | ||||||
| Library of Congress Classification | Non-fiction | Nakuru Campus | Nakuru Campus | General Circulation | 18/04/2024 | purchase | HJ3043 .S24 2023 | 071521 | 18/04/2024 | 2 | 18/04/2024 | Book |